From the sense of affinity to liking: transformation of forms of interpersonal communication on the basis of social networks; Journal of Economics and Social Sciences; № 10

Бібліографічні деталі
Parent link:Journal of Economics and Social Sciences: electronic scientific journal.— , 2012-.— 2312-2978
№ 10.— 2017.— [4 p.]
Автор: Khaldeeva M. A. Marina Aleksandrovna
Співавтор: Национальный исследовательский Томский политехнический университет (ТПУ) Институт социально-гуманитарных технологий (ИСГТ) Кафедра истории и философии науки и техники (ИФНТ)
Резюме:Title screen
The article touches upon the issue related to the role of social networks and media in the context of interpersonal communication. The relevance of the work is reasoned by the growing interest towards the transformations which take place in modern interpersonal communication. With the appearance of informational and communicative technologies as well as with the globalization of all the informational processes the major part of communications, both of business and personal nature, is carried out in a virtual environment, in particular on social platforms as Vkontakte, Instagram, Facebook, etc. In this article the author focuses on such a social platform as Instagram due to the fact that nowadays the audience of Instagram is rapidly growing and this platform is carrying a significant impact on it. The author reveals the nature of the phenomenon of “like” and its role in the interpersonal communication based on Instagram social platform.
Мова:Англійська
Опубліковано: 2017
Серія:Социологические науки
Предмети:
Онлайн доступ:http://earchive.tpu.ru/handle/11683/43090
Формат: MixedMaterials Електронний ресурс Частина з книги
KOHA link:https://koha.lib.tpu.ru/cgi-bin/koha/opac-detail.pl?biblionumber=573919

MARC

LEADER 00000naa2a2200000 4500
001 573919
005 20231101125753.0
035 |a (RuTPU)RU\TPU\prd\272529 
035 |a RU\TPU\prd\272528 
090 |a 573919 
100 |a 20170721a2017 k y0rusy50 ba 
101 0 |a eng 
102 |a RU 
135 |a drcn ---uucaa 
181 0 |a i  
182 0 |a b 
200 1 |a From the sense of affinity to liking: transformation of forms of interpersonal communication on the basis of social networks  |f M. A. Khaldeeva 
203 |a Text  |c electronic 
215 |a 1 файл (273 Кб) 
225 1 |a Социологические науки 
230 |a Электронные текстовые данные (1 файл : 273 Кб) 
300 |a Title screen 
320 |a [References: 6 tit.] 
330 |a The article touches upon the issue related to the role of social networks and media in the context of interpersonal communication. The relevance of the work is reasoned by the growing interest towards the transformations which take place in modern interpersonal communication. With the appearance of informational and communicative technologies as well as with the globalization of all the informational processes the major part of communications, both of business and personal nature, is carried out in a virtual environment, in particular on social platforms as Vkontakte, Instagram, Facebook, etc. In this article the author focuses on such a social platform as Instagram due to the fact that nowadays the audience of Instagram is rapidly growing and this platform is carrying a significant impact on it. The author reveals the nature of the phenomenon of “like” and its role in the interpersonal communication based on Instagram social platform. 
461 1 |0 (RuTPU)RU\TPU\prd\225573  |x 2312-2978  |t Journal of Economics and Social Sciences  |o electronic scientific journal  |d 2012- 
463 1 |0 (RuTPU)RU\TPU\prd\272526  |t № 10  |v [4 p.]  |d 2017 
610 1 |a труды учёных ТПУ 
610 1 |a электронный ресурс 
610 1 |a communication 
610 1 |a Instagram 
610 1 |a virtual world 
610 1 |a межличностное общение 
610 1 |a социальные сети 
610 1 |a виртуальный мир 
700 1 |a Khaldeeva  |b M. A.  |c historian  |c senior laboratory assistant of Tomsk Polytechnic University  |f 1991-  |g Marina Aleksandrovna  |2 stltpush  |3 (RuTPU)RU\TPU\pers\37904 
712 0 2 |a Национальный исследовательский Томский политехнический университет (ТПУ)  |b Институт социально-гуманитарных технологий (ИСГТ)  |b Кафедра истории и философии науки и техники (ИФНТ)  |h 7618  |2 stltpush  |3 (RuTPU)RU\TPU\col\21252 
801 1 |a RU  |b 63413507  |c 20090623  |g PSBO 
801 2 |a RU  |b 63413507  |c 20171006  |g PSBO 
856 4 |u http://earchive.tpu.ru/handle/11683/43090 
942 |c BK